[Event "Andalucia-ch U12"]
[Site "Huelva"]
[Date "2014.04.26"]
[Round "7.9"]
[White "Pavon Martinez, Jose"]
[Black "Merelo Garcia, Francisco"]
[Result "1/2-1/2"]
[WhiteElo "1224"]
[BlackElo "1347"]
[PlyCount "44"]
[EventDate "2014.04.25"]
[EventType "swiss"]
[EventRounds "9"]
[EventCountry "ESP"]
[SourceTitle "EXT 2024"]
[Source "ChessBase"]
[SourceDate "2023.10.10"]
[SourceVersion "1"]
[SourceVersionDate "2023.10.10"]
[SourceQuality "1"]

1. e4 e5 2. Nf3 Nc6 3. Bb5 d6 4. Nc3 Bg4 5. h3 Bh5 6. d3 h6 7. Ne2 Bxf3 8. gxf3 Nf6 9. f4 a6 10. Bxc6+ bxc6 11. fxe5 dxe5 12. Be3 Be7 13. Ng3 Rb8 14. b3 c5 15. c3 0-0 16. 0-0 Kh7 17. Nf5 Rg8 18. d4 Nxe4 19. dxe5 Nxc3 20. Qxd8 Bxd8 21. Bxc5 g6 22. Ne3 Re8 1/2-1/2

[Event "Andalucia-ch U10"]
[Site "Islantilla"]
[Date "2012.04.13"]
[Round "2"]
[White "Pavon Martinez, Jose"]
[Black "Torres Ventosa, Angel Javier"]
[Result "0-1"]
[WhiteElo "1178"]
[BlackElo "1682"]
[PlyCount "80"]
[EventDate "2012.04.13"]
[EventType "swiss"]
[EventRounds "9"]
[EventCountry "ESP"]
[SourceTitle "CBM 148 Extra"]
[Source "ChessBase"]
[SourceDate "2012.06.22"]
[SourceVersion "1"]
[SourceVersionDate "2012.06.22"]
[SourceQuality "1"]

1. e4 d6 2. d4 Nf6 3. Nc3 Nbd7 4. Nf3 e5 5. dxe5 dxe5 6. Bc4 Be7 7. 0-0 0-0 8. Bg5 c6 9. Bxf6 Bxf6 10. b4 b5 11. Bb3 Qc7 12. a4 a6 13. axb5 cxb5 14. Nd5 Qd6 15. Nxf6+ Qxf6 16. c4 bxc4 17. Bxc4 Rd8 18. Qb3 Nb6 19. Rad1 Rxd1 20. Rxd1 Nxc4 21. Qxc4 Bg4 22. Qd5 Rc8 23. Rd3 Bxf3 24. gxf3 Rc1+ 25. Rd1 Rxd1+ 26. Qxd1 h6 27. Kf1 Kh7 28. Qa4 Qxf3 29. Qxa6 Qh1+ 30. Ke2 Qxe4+ 31. Kf1 Qxb4 32. Qc8 Qb1+ 33. Kg2 Qg6+ 34. Kf1 Qe6 35. Qxe6 fxe6 36. Ke2 Kg6 37. Ke3 Kf5 38. h4 h5 39. Kf3 e4+ 40. Ke3 e5 0-1